000 01009 a2200337 4500
999 _c200130799
_d30419
001 200130799
003 TR-AnTOB
005 20251003143647.0
008 131111s2012 tu 000 0
020 _z9789753531887
040 _aTR-AnTOB
_cTR-AnTOB
041 0 _atur
050 _aKJA147
_b.T34 2012
090 _aKJA147 .T34 2012
100 1 _aTahiroğlu, Bülent
_961122
245 0 _aRoma hukuku dersleri :
_btarihi giriş, hukuk tarihi, genel kavramlar, usul hukuku /
_cBülent Tahiroğlu, Belgin Erdoğmuş.
246 2 _aRoma hukuku dersleri.
250 _a8. bs.
264 1 _aİstanbul:
_bDer Yayınları,
_c2012.
300 _axxii, 298 s. ;
_c24 cm.
336 _2rdacontent
_atext
_btxt
337 _2rdamedia
_aunmediated
_bn
338 _2rdacarrier
_avolume
_bnc
490 0 _aDer Yayınları ;
_v265
504 _aKaynakça ve dizin var.
650 0 _aRoma hukuku
_938681
650 0 _aRoman law
_958470
700 _aErdoğmuş, Belgin
_961123
942 _cBK
_2lcc